00840nam a2200253 a 4500999001300000003000900013005001700022008004100039020002700080020003000107040001000137100002300147245005600170250001200226260004600238300001900284650002400303650002500327650001800352700002400370856006400394942001200458952011600470 c283d283PK-NaQUE20250911163538.0250204b ||||| |||| 00| 0 eng d a0471098752 (paperback) a9780471098751 (paperback) cQUEST1 aHill, Frederick J.10aIntroduction to Switching Theory and Logical Design a3rd ed. a[S.l.] :bJohn Wiley and Sons Ltd,c1981. a1 v. (unpaged) aSwitching circuits. aDigital electronics. aLogic design.1 aPeterson, Gerald R.40uhttp://10.10.170.122:8080/browse/book/26453yDownload eBook cBK2ddc 001040708REFaREFbREFd2014-04-24g326.48l0o621.381537PET (Shelf - 54B)p12835r2014-04-24 00:00:00yBK